000 00612nam a2200169Ia 4500
008 230917s9999||||xx |||||||||||||| ||und||
020 _cRS300
040 _e244528
_aMAIN
041 _aEnglish
082 _a891.49150301751 NS167D
100 _aनरेलवी, सुशील हसरत
245 0 _aदस का नोटः हरियाणवी कहानी-संग्रह
260 _aकैथल
_bसुकीर्ति प्रकाशन
_c2017
300 _a120 पृ. p.
500 _a3038 06/02/2018 ADP18/241 01/02/2018 Surya Kavi Pt.Lakhmi Chand Ji Chair
942 _cBK
999 _c25948
_d25948